Использование аддитивных технологий в проектной деятельности; Современные проблемы машиностроения

التفاصيل البيبلوغرافية
Parent link:Современные проблемы машиностроения.— 2021.— [С. 324-325]
المؤلف الرئيسي: Бывшенко А. В.
مؤلف مشترك: Национальный исследовательский Томский политехнический университет
مؤلفون آخرون: Костевич Л. Д.
الملخص:Заглавие с экрана
اللغة:الروسية
منشور في: 2021
سلاسل:Школьная секция
الموضوعات:
الوصول للمادة أونلاين:http://earchive.tpu.ru/handle/11683/69204
التنسيق: الكتروني فصل الكتاب
KOHA link:https://koha.lib.tpu.ru/cgi-bin/koha/opac-detail.pl?biblionumber=633979

MARC

LEADER 00000naa2a2200000 4500
001 633979
005 20231102024709.0
035 |a (RuTPU)RU\TPU\conf\35729 
035 |a RU\TPU\conf\35728 
090 |a 633979 
100 |a 20211208a2021 k y0rusy50 ca 
101 0 |a rus 
102 |a RU 
105 |a y z 100zy 
135 |a drcn ---uucaa 
181 0 |a i  
182 0 |a b 
200 1 |a Использование аддитивных технологий в проектной деятельности  |f А. В. Бывшенко, Л. Д. Костевич 
203 |a Текст  |c электронный 
225 1 |a Школьная секция 
230 |a 1 компьютерный файл (pdf; 734 Kb) 
300 |a Заглавие с экрана 
320 |a [Библиогр.: с. 325 (1 назв.)] 
463 0 |0 (RuTPU)RU\TPU\conf\35640  |t Современные проблемы машиностроения  |o сборник трудов XIV Международной научно-технической конференции, г. Томск, 25-30 октября 2021 г.  |f Национальный исследовательский Томский политехнический университет (ТПУ) ; под ред. Е. Н. Пашкова  |v [С. 324-325]  |d 2021 
610 1 |a электронный ресурс 
610 1 |a труды учёных ТПУ 
610 1 |a аддитивные технологии 
610 1 |a проектная деятельность 
610 1 |a 3D-печать 
610 1 |a CAD-системы 
700 1 |a Бывшенко  |b А. В. 
701 1 |a Костевич  |b Л. Д. 
712 0 2 |a Национальный исследовательский Томский политехнический университет  |c (2009- )  |2 stltpush  |3 (RuTPU)RU\TPU\col\15902  |9 26305 
801 2 |a RU  |b 63413507  |c 20211216  |g RCR 
856 4 |u http://earchive.tpu.ru/handle/11683/69204 
942 |c BK